000 00387nam a2200157Ia 4500
003 Ost
005 20260225132538.0
008 260225s9999||||xx |||||||||||||| ||und||
040 _cfsic
041 _afre
082 _a956.7044
100 _aPierre.m.gallois
_eAuteur
245 0 _aLe sang du pétrole irakien;essai de géopolitique /
245 0 _cPierre.m.gallois
942 _cكتاب
999 _c33307
_d33307